LEADER 00905nam0 22002651i 450 001 RML0236224 005 20231121125702.0 100 $a20121121d1994 ||||0itac50 ba 101 | $aita 102 $ait 181 1$6z01$ai $bxxxe 182 1$6z01$an 200 1 $aManaging organizational behaviour$fHenry L. Tosi$gJohn R. Rizzo 205 $aThird ed 210 $aCambridge $cBlackwell Publisher $d1994 215 $a620 p.$d23 cm 700 1$aCARROLL$b, Stephen J.$3RMLV150705$0108696 801 3$aIT$bIT-01$c20121121 850 $aIT-FR0098 899 $aBiblioteca Area Giuridico Economica$bFR0098 912 $aRML0236224 950 0$aBiblioteca Area Giuridico Economica$d 53TER 658/698$e 53VM 0000048515 VM barcode:0004160VM$fA $h19961105$i20121204 977 $a 53 996 $aManaging organizational behaviour$93619349 997 $aUNICAS